| 000 | 00000cam 2200000zi 4500 |
| 001 | 9.958163 |
| 003 | CaOODSP |
| 005 | 20251211132853 |
| 006 | m o d f |
| 007 | cr bn||||||||| |
| 008 | 251210n1960 onc o f000 0 eng d |
| 040 | |aCaOODSP|beng|erda|cCaOODSP |
| 043 | |an-cnm-- |
| 086 | 1 |aEn58-27/5-60E-PDF |
| 245 | 00|aMaximum reported snowfall in any precipitation day at Atlantic provinces stations, Jan 1941- Dec 1959. |
| 264 | 1|a[Toronto, Ontario] : |b[Meteorological Branch, Department of Transport], |c[1960?] |
| 300 | |a1 online resource (4 pages). |
| 336 | |atext|btxt|2rdacontent |
| 337 | |acomputer|bc|2rdamedia |
| 338 | |aonline resource|bcr|2rdacarrier |
| 490 | 1 |aCDS ; |v#5-60 |
| 500 | |aDigitized edition from print [produced by Environment and Climate Change Canada]. |
| 650 | 0|aSnow|zAtlantic Provinces|vObservations. |
| 650 | 6|aNeige|zProvinces de l'Atlantique|vObservations. |
| 710 | 1 |aCanada. |bMeteorological Branch, |eissuing body. |
| 830 | #0|aCDS ;|vno. 5-60.|w(CaOODSP)9.932874 |
| 856 | 40|qPDF|s772 KB|uhttps://publications.gc.ca/collections/collection_2025/eccc/en58/En58-27-5-60-eng.pdf |